Pokémon on D - Statistics

General Stats
  • This quiz has been taken 7 times
  • The average score is 33 of 61
Answer Stats
Picture Answer % Correct
Darkrai
83%
Darmanitan
83%
Decidueye
83%
Dedenne
83%
Delcatty
83%
Deoxys
83%
Dewgong
83%
Diglett
83%
Doduo
83%
Dragonair
83%
Dragonite
83%
Dratini
83%
Dugtrio
83%
Darumaka
67%
Deerling
67%
Deino
67%
Delibird
67%
Dewott
67%
Dewpider
67%
Dialga
67%
Ditto
67%
Donphan
67%
Drifblim
67%
Drifloon
67%
Ducklett
67%
Durant
67%
Dusknoir
67%
Dustox
67%
Dwebble
67%
Dartrix
50%
Delphox
50%
Diggersby
50%
Dodrio
50%
Dragalge
50%
Dragapult
50%
Drampa
50%
Drowzee
50%
Druddigon
50%
Dubwool
50%
Dunsparce
50%
Dusclops
50%
Duskull
50%
Dhelmise
33%
Diancie
33%
Dolliv
33%
Doublade
33%
Dracovish
33%
Dracozolt
33%
Drapion
33%
Dreepy
33%
Dudunsparce
33%
Duosion
33%
Dachsbun
17%
Dipplin
17%
Dondozo
17%
Dottler
17%
Drakloak
17%
Drednaw
17%
Drilbur
17%
Drizzile
17%
Duraludon
17%
No matching quizzes found
Score Distribution
Percent of People with Each Score
Percentile by Number Answered
Your Score History
You have not taken this quiz